Making sense of change management (Record no. 6785)

MARC details
000 -LEADER
fixed length control field 00604 a2200181 4500
001 - CONTROL NUMBER
control field 132419
003 - CONTROL NUMBER IDENTIFIER
control field OSt
005 - DATE AND TIME OF LATEST TRANSACTION
control field 20211027141925.0
008 - FIXED-LENGTH DATA ELEMENTS--GENERAL INFORMATION
fixed length control field
082 ## - DEWEY DECIMAL CLASSIFICATION NUMBER
Classification number 658.406
Item number C14M
100 1# - MAIN ENTRY--PERSONAL NAME
Personal name Cameron, Esther
245 1# - TITLE STATEMENT
Title Making sense of change management
Statement of responsibility, etc by Esther Cameron and Mike Green
260 ## - PUBLICATION, DISTRIBUTION, ETC. (IMPRINT)
Place of publication, distribution, etc London
Name of publisher, distributor, etc Kogan Page
Date of publication, distribution, etc 2004
300 ## - PHYSICAL DESCRIPTION
Extent 280p.
690 ## - LOCAL SUBJECT ADDED ENTRY--TOPICAL TERM (OCLC, RLIN)
Topical term or geographic name as entry element Organizational change--Management; Teams in the workplace--Management; Reengineering (Management); Information technology--Management; Organizational change
700 ## - ADDED ENTRY--PERSONAL NAME
Personal name Green, Mike
942 ## - ADDED ENTRY ELEMENTS (KOHA)
Source of classification or shelving scheme Dewey Decimal Classification
Koha item type Books
Holdings
Withdrawn status Lost status Source of classification or shelving scheme Damaged status Not for loan Collection code Home library Current library Date acquired Source of acquisition Cost, normal purchase price Full call number Barcode Date last seen Price effective from Koha item type
    Dewey Decimal Classification     General Text Book Central University Of Rajasthan Central University Of Rajasthan 08/06/2012 MGM 450.00 658.406 C14M 9237 21/11/2024 02/09/2020 Books